| 000 | 01006nam a22002297a 4500 | ||
|---|---|---|---|
| 005 | 20240530110539.0 | ||
| 008 | 160507s2013 ua ||||g b|||f00| 0 ar d | ||
| 020 | _a9789774486210 | ||
| 040 | _aEG-CaGPL | ||
| 082 | 0 | 4 |
_a327.730569 / _bع د _221 |
| 100 | 0 | _aعبدالوهاب شاكر | |
| 245 | 1 | 0 |
_aدور يهود الولايات المتحدة الامريكية فى دعم الحركة الصهيونية / _cعبدالوهاب شاكر |
| 260 |
_aالقاهرة : _bالهيئة المصرية العامة للكتاب، _c2013. |
||
| 300 |
_a271 ص. ؛ _c24 سم. |
||
| 504 | _aببليوجرافية ص. : 255-269 | ||
| 650 | 0 | 4 | _aاللوبي اليهودي |
| 650 | 0 | 4 | _aمؤتمر بلتيمور |
| 651 | 0 | 4 |
_aالولايات المتحدة الامريكية _xعلاقات خارجية _zاسرائيل |
| 651 | 0 | 4 |
_aاسرائيل _xعلاقات خارجية _zالولايات المتحدة الامريكية |
| 942 |
_2ddc _cBK |
||
| 999 |
_c62227 _d62227 |
||